[Event "2023 National K-12 Grade Championships"]
[Site "Orlando, Florida, United States"]
[Date "2023.12.15"]
[Round "2.1"]
[White "Pressman, Daniel"]
[Black "Huston, Gus"]
[Result "0-1"]
[TimeControl "G/90;d10"]
[WhiteElo "1797"]
[BlackElo "2481"]

1. d4 {[%clk 01:30:00]} Nf6 {[%clk 01:29:40]} {[%emt 00:00:30]} 2. Bf4 {[%clk
01:30:00]} {[%emt 00:00:05]} g6 {[%clk 01:29:30]} {[%emt 00:00:20]} 3. Nc3
{[%clk 01:29:50]} {[%emt 00:00:21]} d5 {[%clk 01:29:30]} {[%emt 00:00:04]} 4.
e3 {[%clk 01:29:50]} {[%emt 00:00:06]} Bg7 {[%clk 01:29:30]} {[%emt 00:00:05]}
5. h4 {[%clk 01:29:50]} {[%emt 00:00:04]} h5 {[%clk 01:29:30]} {[%emt
00:00:09]} 6. Nf3 {[%clk 01:29:10]} {[%emt 00:00:50]} Bg4 {[%clk 01:28:35]}
{[%emt 00:01:05]} 7. Be2 {[%clk 01:27:47]} {[%emt 00:01:33]} O-O {[%clk
01:25:20]} {[%emt 00:03:25]} 8. Ne5 {[%clk 01:27:25]} {[%emt 00:00:32]} Bxe2
{[%clk 01:25:20]} {[%emt 00:00:06]} 9. Qxe2 {[%clk 01:27:25]} {[%emt 00:00:08]}
c5 {[%clk 01:24:33]} {[%emt 00:00:58]} 10. f3 {[%clk 01:20:12]} {[%emt
00:07:23]} Nc6 {[%clk 01:20:21]} {[%emt 00:04:23]} 11. Qd2 {[%clk 01:19:03]}
{[%emt 00:01:18]} Rc8 {[%clk 01:19:32]} {[%emt 00:00:59]} 12. O-O-O {[%clk
01:14:54]} {[%emt 00:04:18]} Qa5 {[%clk 01:10:08]} {[%emt 00:09:34]} 13. Kb1
{[%clk 01:04:45]} {[%emt 00:10:20]} cxd4 {[%clk 00:55:45]} {[%emt 00:14:33]} 14.
exd4 {[%clk 01:04:40]} {[%emt 00:00:16]} Rfd8 {[%clk 00:54:53]} {[%emt
00:01:01]} 15. Ne2 {[%clk 00:56:16]} {[%emt 00:08:34]} Qxd2 {[%clk 00:45:37]}
{[%emt 00:09:25]} 16. Rxd2 {[%clk 00:55:27]} {[%emt 00:00:59]} Ne8 {[%clk
00:43:50]} {[%emt 00:01:58]} 17. c3 {[%clk 00:41:31]} {[%emt 00:14:06]} Nd6
{[%clk 00:42:49]} {[%emt 00:01:11]} 18. Nxc6 {[%clk 00:41:18]} {[%emt
00:00:23]} bxc6 {[%clk 00:40:55]} {[%emt 00:02:02]} 19. Nc1 {[%clk 00:34:37]}
{[%emt 00:06:52]} Nc4 {[%clk 00:40:13]} {[%emt 00:00:52]} 20. Re2 {[%clk
00:34:23]} {[%emt 00:00:24]} e6 {[%clk 00:35:46]} {[%emt 00:04:37]} 21. Nd3
{[%clk 00:33:57]} {[%emt 00:00:35]} Kf8 {[%clk 00:29:08]} {[%emt 00:06:48]} 22.
g4 {[%clk 00:30:17]} {[%emt 00:03:51]} Ke7 {[%clk 00:27:24]} {[%emt 00:01:54]}
23. g5 {[%clk 00:27:25]} {[%emt 00:03:02]} Nd6 {[%clk 00:26:31]} {[%emt
00:01:01]} 24. Bxd6+ {[%clk 00:25:37]} {[%emt 00:02:00]} Kxd6 {[%clk 00:26:10]}
{[%emt 00:00:31]} 25. f4 {[%clk 00:23:25]} {[%emt 00:02:22]} a5 {[%clk
00:26:06]} {[%emt 00:00:14]} 26. Nc5 {[%clk 00:18:58]} {[%emt 00:04:37]} Rb8
{[%clk 00:25:57]} {[%emt 00:00:18]} 27. Kc2 {[%clk 00:15:29]} {[%emt 00:03:39]}
Bf8 {[%clk 00:22:52]} {[%emt 00:03:15]} 28. a3 {[%clk 00:13:38]} {[%emt
00:02:02]} Rb6 {[%clk 00:20:47]} {[%emt 00:02:13]} 29. b4 {[%clk 00:12:42]}
{[%emt 00:01:07]} Ra8 {[%clk 00:19:56]} {[%emt 00:01:01]} 30. Kb3 {[%clk
00:08:33]} {[%emt 00:04:19]} Kc7 {[%clk 00:18:41]} {[%emt 00:01:25]} 31. Ra2
{[%clk 00:07:52]} {[%emt 00:00:51]} Bxc5 {[%clk 00:18:03]} {[%emt 00:00:48]} 32.
dxc5 {[%clk 00:07:52]} {[%emt 00:00:02]} a4+ {[%clk 00:18:02]} {[%emt
00:00:11]} 33. Kc2 {[%clk 00:07:34]} {[%emt 00:00:28]} Rbb8 {[%clk 00:18:02]}
34. Kd3 {[%clk 00:06:46]} {[%emt 00:00:58]} Rf8 {[%clk 00:18:01]} {[%emt
00:00:11]} 35. Re2 {[%clk 00:06:01]} {[%emt 00:00:55]} Rae8 {[%clk 00:18:01]}
{[%emt 00:00:01]} 36. Rhh2 {[%clk 00:05:01]} {[%emt 00:01:10]} f6 {[%clk
00:17:44]} {[%emt 00:00:27]} 37. Rhf2 {[%clk 00:05:01]} {[%emt 00:00:07]} fxg5
{[%clk 00:15:59]} {[%emt 00:01:54]} 38. fxg5 {[%clk 00:05:01]} {[%emt
00:00:06]} Kd7 {[%clk 00:15:59]} {[%emt 00:00:03]} 39. c4 {[%clk 00:03:24]}
{[%emt 00:01:47]} dxc4+ {[%clk 00:12:15]} {[%emt 00:03:54]} 40. Kxc4 {[%clk
00:03:24]} {[%emt 00:00:02]} e5 {[%clk 00:12:15]} 41. Kd3 {[%clk 00:02:59]}
{[%emt 00:00:35]} Ke6 {[%clk 00:12:10]} {[%emt 00:00:14]} 42. Ke4 {[%clk
00:02:52]} {[%emt 00:00:18]} Rd8 {[%clk 00:11:58]} {[%emt 00:00:22]} 43. Rxf8
{[%clk 00:01:55]} {[%emt 00:01:07]} Rxf8 {[%clk 00:11:58]} {[%emt 00:00:01]} 44.
Rd2 {[%clk 00:01:55]} Rf4+ {[%clk 00:11:57]} {[%emt 00:00:11]} 45. Ke3 {[%clk
00:01:55]} {[%emt 00:00:10]} Rxh4 {[%clk 00:11:57]} {[%emt 00:00:03]} 46. Rd6+
{[%emt 00:00:03]} Kf5 {[%clk 00:11:46]} {[%emt 00:00:19]} 47. Rxc6 {[%clk
00:01:45]} {[%emt 00:00:20]} Rh3+ {[%clk 00:11:46]} {[%emt 00:00:09]} 48. Kd2
{[%clk 00:01:23]} {[%emt 00:00:32]} Rxa3 {[%clk 00:11:46]} {[%emt 00:00:02]} 49.
Ra6 {[%clk 00:00:59]} {[%emt 00:00:35]} h4 {[%clk 00:10:34]} {[%emt 00:01:21]}
50. c6 {[%clk 00:00:59]} {[%emt 00:00:08]} Ke6 {[%clk 00:10:34]} {[%emt
00:00:02]} 51. b5 {[%clk 00:00:56]} {[%emt 00:00:13]} Kd6 {[%clk 00:07:23]}
{[%emt 00:03:21]} 52. Ra7 {[%clk 00:00:56]} Rb3 {[%clk 00:07:22]} {[%emt
00:00:12]} 53. Rxa4 {[%clk 00:00:35]} {[%emt 00:00:31]} Rxb5 {[%clk 00:07:22]}
{[%emt 00:00:03]} 54. Rxh4 {[%clk 00:00:35]} {[%emt 00:00:01]} Rb2+ {[%clk
00:06:34]} {[%emt 00:00:58]} 55. Ke3 {[%clk 00:00:07]} {[%emt 00:00:37]} Rg2
{[%clk 00:06:34]} {[%emt 00:00:02]} 56. Rc4 {[%clk 00:00:07]} {[%emt 00:00:08]}
Kc7 {[%clk 00:06:34]} 57. Ke4 {[%clk 00:00:07]} {[%emt 00:00:03]} Rg4+ {[%clk
00:06:34]} {[%emt 00:00:02]} 58. Kxe5 {[%clk 00:00:07]} {[%emt 00:00:08]} Rxc4
{[%clk 00:06:34]} {[%emt 00:00:02]} 59. Kf6 {[%clk 00:00:07]} Rxc6+ {[%clk
00:06:34]} {[%emt 00:00:05]} 60. Kg7 {[%clk 00:00:07]} Kd7 {[%clk 00:06:34]}
{[%emt 00:00:02]} 61. Kf7 {[%clk 00:00:07]} {[%emt 00:00:04]} Rd6 {[%clk
00:06:34]} {[%emt 00:00:03]} 62. Kg7 {[%clk 00:00:07]} {[%emt 00:00:02]} Ke7
{[%clk 00:06:34]} {[%emt 00:00:02]} 63. Kh7 {[%clk 00:00:07]} {[%emt 00:00:06]}
Kf7 {[%clk 00:06:34]} {[%emt 00:00:02]} 64. Kh6 {[%clk 00:00:07]} {[%emt
00:00:04]} Rd4 {[%clk 00:06:34]} {[%emt 00:00:03]} 65. Kh7 {[%clk 00:00:07]}
{[%emt 00:00:02]} Rh4 {[%emt 00:00:48]} 0-1

[Event "2023 National K-12 Grade Championships"]
[Site "Orlando, Florida, United States"]
[Date "2023.12.15"]
[Round "2.2"]
[White "Lu, Maximillian"]
[Black "Scanlon, Devin"]
[Result "1-0"]
[TimeControl "G/90;d10"]
[WhiteElo "2436"]
[BlackElo "1788"]

1. a3 {[%clk 01:30:00]} d5 {[%clk 01:29:56]} {[%emt 00:00:15]} 2. Nf3 {[%clk
01:30:00]} {[%emt 00:00:07]} Nf6 {[%clk 01:29:56]} {[%emt 00:00:09]} 3. g3
{[%clk 01:29:55]} {[%emt 00:00:15]} g6 {[%clk 01:29:49]} {[%emt 00:00:18]} 4.
b4 {[%clk 01:28:51]} {[%emt 00:01:13]} Bg7 {[%clk 01:29:42]} {[%emt 00:00:17]}
5. Bb2 {[%clk 01:28:51]} O-O {[%clk 01:29:14]} {[%emt 00:00:38]} 6. Bg2 {[%clk
01:28:51]} {[%emt 00:00:03]} c6 {[%clk 01:21:26]} {[%emt 00:08:00]} 7. d3
{[%clk 01:28:20]} {[%emt 00:00:41]} a5 {[%clk 01:14:01]} {[%emt 00:07:35]} 8.
Nbd2 {[%clk 01:28:05]} {[%emt 00:00:23]} axb4 {[%clk 01:12:31]} {[%emt
00:01:42]} 9. axb4 {[%clk 01:27:26]} {[%emt 00:00:48]} Rxa1 {[%clk 01:11:45]}
{[%emt 00:00:57]} 10. Qxa1 {[%clk 01:27:26]} {[%emt 00:00:07]} Qb6 {[%clk
01:02:01]} {[%emt 00:09:53]} 11. O-O {[%clk 01:17:08]} {[%emt 00:10:28]} Qa6
{[%clk 01:00:18]} {[%emt 00:01:55]} 12. c4 {[%clk 01:11:57]} {[%emt 00:05:19]}
Qxa1 {[%clk 00:53:48]} {[%emt 00:06:40]} 13. Rxa1 {[%clk 01:11:57]} {[%emt
00:00:08]} Na6 {[%clk 00:42:48]} {[%emt 00:11:11]} 14. b5 {[%clk 01:03:19]}
{[%emt 00:08:47]} cxb5 {[%clk 00:38:29]} {[%emt 00:04:30]} 15. cxb5 {[%clk
01:03:01]} {[%emt 00:00:28]} Nc7 {[%clk 00:37:40]} {[%emt 00:00:59]} 16. b6
{[%clk 00:58:55]} {[%emt 00:04:16]} Na6 {[%clk 00:36:33]} {[%emt 00:01:17]} 17.
Ra5 {[%clk 00:50:58]} {[%emt 00:08:06]} Rd8 {[%clk 00:28:52]} {[%emt 00:07:51]}
18. Ba3 {[%clk 00:36:59]} {[%emt 00:14:09]} e6 {[%clk 00:26:43]} {[%emt
00:02:19]} 19. e4 {[%clk 00:30:02]} {[%emt 00:07:06]} dxe4 {[%clk 00:17:47]}
{[%emt 00:09:06]} 20. dxe4 {[%clk 00:28:57]} {[%emt 00:01:15]} Nd7 {[%clk
00:09:43]} {[%emt 00:08:14]} 21. Nc4 {[%clk 00:27:42]} {[%emt 00:01:25]} Nf6
{[%clk 00:09:17]} {[%emt 00:00:37]} 22. e5 {[%clk 00:22:51]} {[%emt 00:05:00]}
Rd1+ {[%clk 00:06:52]} {[%emt 00:02:35]} 23. Bf1 {[%clk 00:22:51]} {[%emt
00:00:02]} Nd5 {[%clk 00:06:31]} {[%emt 00:00:31]} 24. Nd6 {[%clk 00:17:58]}
{[%emt 00:05:03]} Bd7 {[%clk 00:04:33]} {[%emt 00:02:09]} 25. Rxa6 {[%clk
00:16:26]} {[%emt 00:01:42]} bxa6 {[%clk 00:04:11]} {[%emt 00:00:33]} 26. b7
{[%clk 00:16:26]} {[%emt 00:00:04]} Rb1 {[%clk 00:04:10]} {[%emt 00:00:11]} 27.
Nb5 {[%clk 00:16:26]} {[%emt 00:00:06]} 1-0

[Event "2023 National K-12 Grade Championships"]
[Site "Orlando, Florida, United States"]
[Date "2023.12.15"]
[Round "2.3"]
[White "Miyasaka, Julia"]
[Black "Cruz, Jean Marco"]
[Result "0-1"]
[TimeControl "G/90;d10"]
[WhiteElo "1785"]
[BlackElo "2270"]

1. e4 {[%emt 00:03:24]} c5 {[%clk 01:27:19]} {[%emt 00:00:42]} 2. Nf3 {[%clk
01:30:00]} {[%emt 00:00:03]} d6 {[%clk 01:27:18]} {[%emt 00:00:11]} 3. d4
{[%clk 01:30:00]} {[%emt 00:00:03]} cxd4 {[%clk 01:27:18]} {[%emt 00:00:05]} 4.
Nxd4 {[%clk 01:30:00]} {[%emt 00:00:03]} Nf6 {[%clk 01:27:18]} {[%emt
00:00:08]} 5. Nc3 {[%clk 01:30:00]} {[%emt 00:00:04]} Nc6 {[%emt 00:03:57]} 6.
f3 {[%clk 01:24:48]} {[%emt 00:01:32]} e5 {[%clk 01:27:16]} {[%emt 00:00:11]} 7.
Nb3 {[%clk 01:24:31]} {[%emt 00:00:28]} Be7 {[%clk 01:27:16]} {[%emt 00:00:08]}
8. Be3 {[%clk 01:24:29]} {[%emt 00:00:13]} O-O {[%clk 01:27:16]} {[%emt
00:00:06]} 9. Qd2 {[%clk 01:24:23]} {[%emt 00:00:16]} a5 {[%emt 00:12:41]} 10.
Na4 {[%emt 00:06:22]} Be6 {[%emt 00:03:30]} 11. O-O-O {[%clk 01:07:44]} {[%emt
00:00:24]} Nd7 {[%emt 00:04:22]} 12. Kb1 {[%emt 00:01:36]} Rc8 {[%emt
00:17:40]} 13. g4 {[%clk 00:48:56]} {[%emt 00:01:31]} Nb4 {[%emt 00:04:50]} 14.
Rc1 {[%emt 00:03:37]} Qc7 {[%emt 00:14:17]} 15. h4 {[%emt 00:15:13]} Rfd8
{[%emt 00:02:57]} 16. Bb5 {[%emt 00:07:00]} Nc5 {[%emt 00:05:20]} 17. c4 {[%emt
00:18:03]} Nbd3 {[%emt 00:03:04]} 18. Rc3 {[%clk 00:18:19]} {[%emt 00:00:20]}
Nxa4 {[%clk 00:33:30]} {[%emt 00:00:06]} 19. Bxa4 {[%clk 00:18:19]} {[%emt
00:00:06]} Nc5 {[%emt 00:03:42]} 20. Bxc5 {[%clk 00:13:58]} {[%emt 00:00:55]}
dxc5 {[%emt 00:04:11]} 21. Qe3 {[%emt 00:02:58]} Rd4 {[%clk 00:32:38]} {[%emt
00:00:51]} 22. Qe2 {[%clk 00:06:50]} {[%emt 00:00:40]} Rd6 {[%emt 00:02:40]} 23.
Bb5 {[%clk 00:03:33]} {[%emt 00:01:07]} Rcd8 {[%clk 00:32:28]} {[%emt
00:00:06]} 24. g5 {[%clk 00:03:33]} {[%emt 00:00:11]} b6 {[%emt 00:01:14]} 25.
Rcc1 {[%clk 00:02:50]} {[%emt 00:00:04]} Rd3 {[%emt 00:02:01]} 26. Rcd1 {[%clk
00:02:09]} {[%emt 00:00:28]} Qd6 {[%clk 00:30:30]} {[%emt 00:00:25]} 27. Kc2
{[%emt 00:00:26]} Rxd1 {[%clk 00:30:12]} {[%emt 00:00:21]} 28. Rxd1 {[%clk
00:02:00]} {[%emt 00:00:02]} Qxd1+ {[%clk 00:30:12]} {[%emt 00:00:08]} 29. Qxd1
{[%clk 00:02:00]} {[%emt 00:00:02]} Rxd1 {[%clk 00:30:12]} {[%emt 00:00:07]} 30.
Kxd1 {[%emt 00:02:21]} h6 {[%clk 00:27:26]} {[%emt 00:00:36]} 31. gxh6 {[%clk
00:02:00]} {[%emt 00:00:09]} gxh6 {[%clk 00:27:26]} {[%emt 00:00:04]} 32. h5
{[%clk 00:01:55]} {[%emt 00:00:14]} Kg7 {[%clk 00:27:26]} {[%emt 00:00:04]} 33.
Nd2 {[%clk 00:01:55]} {[%emt 00:00:09]} Kf6 {[%emt 00:00:18]} 34. Nf1 {[%emt
00:01:18]} Kg5 {[%clk 00:26:34]} {[%emt 00:00:05]} 35. Ne3 {[%clk 00:01:33]}
{[%emt 00:00:09]} Kxh5 {[%clk 00:26:12]} {[%emt 00:00:32]} 36. Nd5 {[%clk
00:01:33]} {[%emt 00:00:04]} Bd8 {[%clk 00:26:12]} {[%emt 00:00:05]} 37. Ke2
{[%clk 00:01:29]} {[%emt 00:00:15]} Kg5 {[%clk 00:25:59]} {[%emt 00:00:22]} 38.
Be8 {[%emt 00:00:56]} h5 {[%clk 00:25:28]} 39. Kf2 {[%clk 00:01:24]} {[%emt
00:00:05]} h4 {[%clk 00:25:13]} {[%emt 00:00:25]} 40. Ba4 {[%emt 00:00:36]} f5
{[%clk 00:21:19]} {[%emt 00:03:51]} 41. exf5 {[%clk 00:00:49]} {[%emt
00:00:32]} Bxf5 {[%clk 00:21:19]} {[%emt 00:00:06]} 42. Ne3 {[%emt 00:00:32]}
Bb1 {[%clk 00:20:54]} {[%emt 00:00:11]} 43. a3 {[%clk 00:00:49]} {[%emt
00:00:07]} Bd3 {[%clk 00:20:45]} {[%emt 00:00:18]} 44. Bc2 {[%clk 00:00:49]}
{[%emt 00:00:08]} Bxc2 {[%clk 00:20:03]} {[%emt 00:00:52]} 45. Nxc2 {[%clk
00:00:49]} {[%emt 00:00:02]} Kf4 {[%clk 00:20:01]} {[%emt 00:00:12]} 46. Ne3
{[%clk 00:00:49]} {[%emt 00:00:02]} e4 {[%clk 00:20:00]} {[%emt 00:00:10]} 47.
fxe4 {[%clk 00:00:48]} {[%emt 00:00:11]} Kxe4 {[%clk 00:20:00]} {[%emt
00:00:05]} 48. Ke2 {[%clk 00:00:27]} {[%emt 00:00:31]} h3 {[%clk 00:19:35]}
{[%emt 00:00:35]} 49. Nf1 {[%emt 00:00:11]} Bc7 {[%clk 00:19:20]} {[%emt
00:00:22]} 50. Kf2 {[%clk 00:00:27]} {[%emt 00:00:07]} Kd3 {[%clk 00:19:20]}
{[%emt 00:00:05]} 51. b3 {[%clk 00:00:27]} {[%emt 00:00:09]} Kc3 {[%clk
00:19:20]} {[%emt 00:00:08]} 0-1

[Event "2023 National K-12 Grade Championships"]
[Site "Orlando, Florida, United States"]
[Date "2023.12.15"]
[Round "2.4"]
[White "Karthik, Advaith"]
[Black "Safranek, Veda"]
[Result "1-0"]
[TimeControl "G/90;d10"]
[WhiteElo "2241"]
[BlackElo "1772"]

1. Nf3 {[%emt 00:00:27]} d5 {[%clk 01:29:43]} {[%emt 00:00:03]} 2. d4 {[%clk
01:30:00]} {[%emt 00:00:05]} Nf6 {[%clk 01:29:40]} {[%emt 00:00:13]} 3. g3
{[%clk 01:30:00]} {[%emt 00:00:04]} e6 {[%clk 01:29:36]} {[%emt 00:00:14]} 4.
Bg2 {[%clk 01:30:00]} {[%emt 00:00:03]} c5 {[%emt 00:00:22]} 5. O-O {[%clk
01:29:32]} {[%emt 00:00:27]} Nc6 {[%emt 00:02:51]} 6. e3 {[%emt 00:00:54]} Bd6
{[%emt 00:04:17]} 7. b3 {[%emt 00:02:40]} e5 {[%emt 00:03:12]} 8. dxe5 {[%emt
00:00:50]} Nxe5 {[%emt 00:00:55]} 9. Bb2 {[%emt 00:03:42]} Bg4 {[%clk
01:19:33]} {[%emt 00:00:03]} 10. Nbd2 {[%emt 00:03:04]} O-O {[%clk 01:15:56]}
{[%emt 00:00:46]} 11. h3 {[%emt 00:03:38]} Nxf3+ {[%clk 01:12:59]} {[%emt
00:00:15]} 12. Nxf3 {[%clk 01:21:05]} {[%emt 00:00:05]} Be6 {[%clk 01:12:39]}
{[%emt 00:00:30]} 13. Ng5 {[%emt 00:06:28]} Bc7 {[%clk 01:07:11]} 14. Qd3
{[%emt 00:03:18]} g6 {[%emt 00:01:24]} 15. Qc3 {[%emt 00:24:13]} h6 {[%emt
00:02:48]} 16. Nxe6 {[%clk 01:14:07]} {[%emt 00:01:17]} fxe6 {[%clk 00:41:02]}
{[%emt 00:00:26]} 17. Qxc5 {[%emt 00:05:08]} Bb6 {[%clk 00:36:03]} {[%emt
00:00:06]} 18. Qb5 {[%emt 00:01:00]} Rc8 {[%clk 00:35:19]} {[%emt 00:00:03]} 19.
Qd3 {[%emt 00:00:39]} Kh7 {[%clk 00:34:40]} {[%emt 00:00:13]} 20. Rac1 {[%emt
00:01:25]} Qe7 {[%clk 00:32:58]} {[%emt 00:00:40]} 21. c4 {[%emt 00:03:28]}
dxc4 {[%clk 00:29:28]} {[%emt 00:00:32]} 22. Rxc4 {[%emt 00:00:38]} Rfd8 {[%clk
00:28:01]} {[%emt 00:01:01]} 23. Qc2 {[%emt 00:01:56]} Rxc4 {[%clk 00:25:53]}
{[%emt 00:00:27]} 24. Qxc4 {[%emt 00:02:14]} Nd5 {[%clk 00:23:33]} {[%emt
00:00:16]} 25. Rd1 {[%emt 00:05:11]} Qg5 {[%emt 00:01:51]} 26. Qe4 {[%emt
00:04:31]} Re8 {[%clk 00:13:01]} {[%emt 00:00:23]} 27. h4 {[%emt 00:01:03]} Qe7
{[%clk 00:12:12]} {[%emt 00:00:17]} 28. h5 {[%emt 00:02:44]} Qf7 {[%clk
00:08:53]} {[%emt 00:00:53]} 29. hxg6+ {[%clk 01:12:57]} {[%emt 00:00:13]} Qxg6
{[%emt 00:00:12]} 30. Qxg6+ {[%clk 01:12:24]} {[%emt 00:00:41]} Kxg6 {[%clk
00:08:53]} {[%emt 00:00:09]} 31. Bxd5 {[%clk 01:12:24]} {[%emt 00:00:02]} exd5
{[%clk 00:08:49]} {[%emt 00:00:15]} 32. Rxd5 {[%clk 01:12:24]} {[%emt
00:00:01]} Re7 {[%clk 00:08:23]} {[%emt 00:00:35]} 33. Bd4 {[%emt 00:00:44]}
Re6 {[%clk 00:05:29]} {[%emt 00:02:28]} 34. Bxb6 {[%clk 01:12:24]} {[%emt
00:00:04]} Rxb6 {[%clk 00:05:29]} {[%emt 00:00:06]} 35. Kg2 {[%clk 01:12:24]}
{[%emt 00:00:03]} Ra6 {[%clk 00:05:02]} {[%emt 00:00:37]} 36. a4 {[%clk
01:12:24]} {[%emt 00:00:03]} Rb6 {[%emt 00:00:31]} 37. Rb5 {[%emt 00:01:12]}
1-0